| 000 | 00868nam a22002535a 4500 | ||
|---|---|---|---|
| 003 | OSt | ||
| 005 | 20170704142627.0 | ||
| 008 | 160922s2012 ua frb 000 0 ara d | ||
| 015 | _22012 / 11158 | ||
| 020 | _a9789770470333 | ||
| 040 |
_aEG-ScBUE _bara _cEG-ScBUE _dEG-ScBUE |
||
| 043 | _af-ua--- | ||
| 082 | 0 | 4 |
_a320.50962 _bس ي د _222 |
| 100 | 1 | _aسيد، إيهاب. | |
| 245 | 1 | 0 |
_aدعائم الحكم الرشيد / _cإيهاب سيد. |
| 260 |
_aالقاهرة : _bدار النهضة العربية، _c2012. |
||
| 300 |
_a131 ص. ؛ _c24 سم. |
||
| 504 | _aيشتمل على إرجاعات ببليوجرافية. | ||
| 650 | 7 |
_aالسياسة والدولة _zمصر. _2BUEsh _940573 |
|
| 650 | 7 |
_aنظم الحكم _zمصر. _2BUEsh _941152 |
|
| 653 |
_bLLAAWW _cJanuary2017 |
||
| 651 | 7 |
_929430 _aمصر _xسياسة وحكومة _2BUEsh |
|
| 942 | _2ddc | ||
| 999 |
_c24010 _d23982 |
||